Puteri INDRASARI AYU / (Record no. 183895)

MARC details
000 -LEADER
fixed length control field 01325nam a2200421 i 4500
001 - CONTROL NUMBER
control field vtls000586249
003 - CONTROL NUMBER IDENTIFIER
control field PNM
005 - DATE AND TIME OF LATEST TRANSACTION
control field 20210509162430.0
008 - FIXED-LENGTH DATA ELEMENTS--GENERAL INFORMATION
fixed length control field 090828s2009 my | e | a000 0 may
015 ## - NATIONAL BIBLIOGRAPHY NUMBER
National bibliography number M091-01136
020 ## - INTERNATIONAL STANDARD BOOK NUMBER
International Standard Book Number 9789836250711
Terms of availability RM15.00
Qualifying information paperback
039 #9 - LEVEL OF BIBLIOGRAPHIC CONTROL AND CODING DETAIL [OBSOLETE]
Level of rules in bibliographic description 201202241503
Level of effort used to assign nonsubject heading access points norizan
Level of effort used to assign subject headings 200912241000
Level of effort used to assign classification azma
Level of effort used to assign subject headings 200912141422
Level of effort used to assign classification akmal
Level of effort used to assign subject headings 200912141421
Level of effort used to assign classification akmal
040 ## - CATALOGING SOURCE
Original cataloging agency BNM
Transcribing agency PNM
Language of cataloging eng
Modifying agency PPAK
Description conventions rda
049 ## - LOCAL HOLDINGS (OCLC)
Holding library klpmal
082 04 - DEWEY DECIMAL CLASSIFICATION NUMBER
Classification number 398.2
Edition number 22
090 00 - LOCALLY ASSIGNED LC-TYPE CALL NUMBER (OCLC); LOCAL CALL NUMBER (RLIN)
Classification number (OCLC) (R) ; Classification number, CALL (RLIN) (NR) 398.2
Feature heading AZM
Feature heading KAO
100 0# - MAIN ENTRY--PERSONAL NAME
Personal name Azmah Nordin,
Dates associated with a name 1958-
Relator term author.
245 10 - TITLE STATEMENT
Title Puteri INDRASARI AYU /
Statement of responsibility, etc. AZMAH NORDIN.
264 #1 - PRODUCTION, PUBLICATION, DISTRIBUTION, MANUFACTURE, AND COPYRIGHT NOTICE
Place of production, publication, distribution, manufacture Kuala Lumpur :
Name of producer, publisher, distributor, manufacturer Dewan Bahasa dan Pustaka,
Date of production, publication, distribution, manufacture, or copyright notice 2009
300 ## - PHYSICAL DESCRIPTION
Extent ix, 243 pages ;
Dimensions 19 cm.
336 ## - CONTENT TYPE
Content type term text
Source rdacontent
337 ## - MEDIA TYPE
Media type term unmediated
Source rdamedia
338 ## - CARRIER TYPE
Carrier type term volume
Source rdacarrier
490 1# - SERIES STATEMENT
Series statement Sastera remaja
650 10 - SUBJECT ADDED ENTRY--TOPICAL TERM
Topical term or geographic name entry element Folk literature, Malay
830 #0 - SERIES ADDED ENTRY--UNIFORM TITLE
Uniform title Sastera remaja
942 ## - ADDED ENTRY ELEMENTS (KOHA)
Source of classification or shelving scheme Dewey Decimal Classification
Koha item type Book
949 ## - LOCAL PROCESSING INFORMATION (OCLC)
6 2000361733
a 398.2 AZM M
6 2000361732
a 398.2 AZM M
6 2000450505
a 398.2 AZM M
e 1953740
6 2000450504
a 398.2 AZM M
e 1953741
6 1000796515
e 1953742
s 6700:20210302
6 1000796516
e 1953743
6 1000796517
e 1953744
6 1000796518
e 1953745
6 1000796519
e 1953746
6 1000796520
e 1953747
Holdings
Withdrawn Not for loan Current library Shelving location Date acquired Total Checkouts Full call number Barcode Date last seen Koha item type
  Not For Loan Perpustakaan Jitra Koleksi Asmah Haji Omar 06/09/2021   KAO 398.2 AZM KAO000394 06/09/2021 Book